000 00665nam a2200217Ia 4500
003 BUBTL
008 151213s9999 xx 000 0 und d
020 _a8185733414
082 _a677.028242/ Ar676m/ 2020
100 _aArora, J.K.
_94603
245 _aModern Weaving Technology /
_cJ.K. Arora
250 _a1st Edn.
260 _aChandigarh, India:
_bAbhishek Publications,
_cc2020
300 _a290 p.:
_bills.;
_c21 cm.
505 _aModern Weaving Technology, Textile, J.K. Arora, Weaving
650 0 _aTextile Engineering
_9909
650 _aTextiles
_94604
856 _k0
_l0
_yDownload
942 _2ddc
_cBK
999 _c3950
_d3950